| 000 | 00804nam a2200217 a 4500 | ||
|---|---|---|---|
| 003 | CBULib | ||
| 005 | 20240509121916.0 | ||
| 008 | 081111s2008 ||||||||||||||||| || u | ||
| 020 | _a9789211169874 | ||
| 040 |
_aCBULib _bEnglish _cCBULib _dCBULib _erda |
||
| 050 | _aUN-ECE(02)2008/2 | ||
| 110 | _aUnited Nations Economic and Social Affairs (UNESA) | ||
| 245 | 1 | 0 |
_aNon-observed economy in national accounts: survey of country practices _b(UNECE _c/United Nations Economic Commission for Europe(UNECE) |
| 260 |
_aNew York _bUNITED NATIONS _c2008 |
||
| 300 | _a339p. :illustrations | ||
| 336 |
_2rdacontent _aText | _btxt |
||
| 337 |
_2rdamedia _aUnmediated | _bn |
||
| 338 |
_2rdacarrier _aVolume _bnc |
||
| 942 |
_2mc _c029 |
||
| 999 |
_c52332 _d52332 |
||